<?xml version="1.0" encoding="UTF-8"?>
<record
    xmlns:xsi="http://www.w3.org/2001/XMLSchema-instance"
    xsi:schemaLocation="http://www.loc.gov/MARC21/slim http://www.loc.gov/standards/marcxml/schema/MARC21slim.xsd"
    xmlns="http://www.loc.gov/MARC21/slim">

  <leader>02011nam a22002537a 4500</leader>
  <datafield tag="999" ind1=" " ind2=" ">
    <subfield code="c">8837</subfield>
    <subfield code="d">8837</subfield>
  </datafield>
  <controlfield tag="001">WIIW0000170</controlfield>
  <controlfield tag="003">OSt</controlfield>
  <controlfield tag="005">20190802143800.0</controlfield>
  <controlfield tag="006">a|||||q|||||00| 0 </controlfield>
  <controlfield tag="007">c| ||||||||</controlfield>
  <controlfield tag="008">190802t2018       |||||q|||||00| 0 eng d</controlfield>
  <datafield tag="020" ind1=" " ind2=" ">
    <subfield code="a">978-1-4920-3277-9</subfield>
    <subfield code="q">E-Book</subfield>
  </datafield>
  <datafield tag="020" ind1=" " ind2=" ">
    <subfield code="a">1-4920-3277-8</subfield>
    <subfield code="q">E-Book</subfield>
  </datafield>
  <datafield tag="040" ind1=" " ind2=" ">
    <subfield code="c">OSt</subfield>
  </datafield>
  <datafield tag="100" ind1="1" ind2=" ">
    <subfield code="a">Givre, Charles</subfield>
    <subfield code="4">aut</subfield>
  </datafield>
  <datafield tag="245" ind1="1" ind2="0">
    <subfield code="a">Learning Apache Drill.</subfield>
    <subfield code="b">Query and analyze distributed data sources with SQL</subfield>
  </datafield>
  <datafield tag="250" ind1=" " ind2=" ">
    <subfield code="a">First edition</subfield>
  </datafield>
  <datafield tag="260" ind1=" " ind2="1">
    <subfield code="a">Beijing</subfield>
    <subfield code="a">Boston</subfield>
    <subfield code="a">Farnham</subfield>
    <subfield code="a">Sebastopol</subfield>
    <subfield code="a">Tokyo</subfield>
    <subfield code="b">O'Reilly</subfield>
    <subfield code="c">October 2018</subfield>
  </datafield>
  <datafield tag="300" ind1=" " ind2=" ">
    <subfield code="a">313 S.</subfield>
    <subfield code="b">Ill.</subfield>
  </datafield>
  <datafield tag="520" ind1=" " ind2=" ">
    <subfield code="a">Get up to speed with Apache Drill, an extensible distributed SQL query engine that reads massive datasets in many popular file formats such as Parquet, JSON, and CSV. Drill reads data in HDFS or in cloud-native storage such as S3 and works with Hive metastores along with distributed databases such as HBase, MongoDB, and relational databases. Drill works everywhere: on your laptop or in your largest cluster.In this practical book, Drill committers Charles Givre and Paul Rogers show analysts and data scientists how to query and analyze raw data using this powerful tool. Data scientists today spend about 80% of their time just gathering and cleaning data. With this book, you'll learn how Drill helps you analyze data more effectively to drive down time to insight.Use Drill to clean, prepare, and summarize delimited data for further analysisQuery file types including logfiles, Parquet, JSON, and other complex formatsQuery Hadoop, relational databases, MongoDB, and Kafka with standard SQLConnect to Drill programmatically using a variety of languagesUse Drill even with challenging or ambiguous file formatsPerform sophisticated analysis by extending Drill's functionality with user-defined functionsFacilitate data analysis for network security, image metadata, and machine learning</subfield>
  </datafield>
  <datafield tag="650" ind1=" " ind2=" ">
    <subfield code="a">Data Analyses &amp; Machine Learning</subfield>
  </datafield>
  <datafield tag="700" ind1="1" ind2=" ">
    <subfield code="a">Rogers, Paul</subfield>
    <subfield code="4">aut</subfield>
  </datafield>
  <datafield tag="942" ind1=" " ind2=" ">
    <subfield code="c">E</subfield>
  </datafield>
  <datafield tag="952" ind1=" " ind2=" ">
    <subfield code="0">0</subfield>
    <subfield code="1">0</subfield>
    <subfield code="4">0</subfield>
    <subfield code="7">0</subfield>
    <subfield code="a">BIB</subfield>
    <subfield code="b">BIB</subfield>
    <subfield code="c">5</subfield>
    <subfield code="d">2019-08-02</subfield>
    <subfield code="l">0</subfield>
    <subfield code="r">2019-08-02 00:00:00</subfield>
    <subfield code="w">2019-08-02</subfield>
    <subfield code="y">E</subfield>
  </datafield>
</record>
